Invitation to mathematics: 1 / (Record no. 102108)
[ view plain ]
| 000 -LEADER | |
|---|---|
| fixed length control field | 00519nam a2200169 a 4500 |
| 005 - DATE AND TIME OF LATEST TRANSACTION | |
| control field | 20140412111228.0 |
| 008 - FIXED-LENGTH DATA ELEMENTS--GENERAL INFORMATION | |
| fixed length control field | 020416s19uu xx 00 eng d |
| 020 ## - INTERNATIONAL STANDARD BOOK NUMBER | |
| International Standard Book Number | 0-673-23911-X |
| 050 ## - LIBRARY OF CONGRESS CALL NUMBER | |
| Classification number | TR(GS 500 |
| Item number | B63 1988 |
| 100 ## - MAIN ENTRY--PERSONAL NAME | |
| Personal name | Bolster, L. Carey |
| 245 ## - TITLE STATEMENT | |
| Title | Invitation to mathematics: 1 / |
| Statement of responsibility, etc | L. Carey Bolster, et al. |
| 250 ## - EDITION STATEMENT | |
| Edition statement | Teacher's Ed. |
| 260 ## - PUBLICATION, DISTRIBUTION, ETC. (IMPRINT) | |
| Place of publication, distribution, etc | Glenview, Illinois : |
| Name of publisher, distributor, etc | Scott, Foresman and Company, |
| Date of publication, distribution, etc | 1988. |
| 300 ## - PHYSICAL DESCRIPTION | |
| Extent | T55D; 494p. ill. |
| 650 ## - SUBJECT ADDED ENTRY--TOPICAL TERM | |
| Topical term or geographic name as entry element | Mathematics |
| General subdivision | Study and teaching |
| Withdrawn status | Lost status | Damaged status | Home library | Current library | Shelving location | Date acquired | Source of acquisition | Total Checkouts | Full call number | Barcode | Date last seen | Price effective from | Koha item type |
|---|---|---|---|---|---|---|---|---|---|---|---|---|---|
| Elizalde Library | Elizalde Library | Teachers Reference Section | 04/16/2002 | TR(GS 500 B63 1988 | E0541 | 04/12/2014 | 04/12/2014 | Books |